000 00336nam a2200121Ia 4500
008 220204s9999 xx 000 0 und d
082 _a338(038)
_bWAT
100 _aWatt, George
245 0 _aDictionary of the economic products of India with index. 6 V[v3]
260 _aDelhi
_bCosmo
_c1972
650 _aEconomic products
942 _cBK
999 _c21960
_d21960